[Event "ODJM A 2025"]
[Site "Willingen GER"]
[Date "2025.06.09"]
[Round "3"]
[White "Matthes, Benjamin"]
[Black "Köhler, Lukas"]
[Result "0-1"]
[Termination "normal"]
[Board "8"]
[WhiteElo "1981"]
[BlackElo "2043"]
[WhiteClock "00:29:43"]
[BlackClock "00:34:32"]
[PlyCount "82"]
[WhiteFideId "16227298"]
[BlackFideId "16221990"]
[EventCountry "GER"]
[EventRounds "9"]
[EventType "swiss"]
[EventDate "2025.06.07"]

1. e4 {[%clk 01:30:56]} c5 {[%clk 01:30:39]} {[%emt 00:00:23]} 2. d4 {[%clk
01:30:29]} {[%emt 00:00:58]} cxd4 {[%clk 01:30:50]} {[%emt 00:00:18]} 3. Qxd4
{[%clk 01:30:25]} {[%emt 00:00:33]} Nc6 {[%clk 01:30:49]} {[%emt 00:00:31]} 4.
Qd3 {[%clk 01:30:49]} {[%emt 00:00:07]} Nf6 {[%clk 01:30:10]} {[%emt 00:01:09]}
5. Nc3 {[%clk 01:31:14]} {[%emt 00:00:05]} g6 {[%clk 01:29:50]} {[%emt
00:00:50]} 6. Nf3 {[%clk 01:30:53]} {[%emt 00:00:52]} d6 {[%clk 01:29:27]}
{[%emt 00:00:53]} 7. Be2 {[%clk 01:31:18]} {[%emt 00:00:04]} Bg7 {[%clk
01:29:24]} {[%emt 00:00:32]} 8. O-O {[%clk 01:31:41]} {[%emt 00:00:08]} O-O
{[%clk 01:29:29]} {[%emt 00:00:25]} 9. Nd5 {[%clk 01:32:07]} {[%emt 00:00:04]}
Nd7 {[%clk 01:27:21]} {[%emt 00:02:38]} 10. c3 {[%clk 01:27:21]} {[%emt
00:05:17]} Nc5 {[%clk 01:26:33]} {[%emt 00:01:17]} 11. Qc2 {[%clk 01:27:28]}
{[%emt 00:00:22]} e6 {[%clk 01:26:28]} {[%emt 00:00:35]} 12. Ne3 {[%clk
01:27:54]} {[%emt 00:00:05]} f5 {[%clk 01:26:49]} {[%emt 00:00:09]} 13. exf5
{[%clk 01:28:19]} {[%emt 00:00:06]} gxf5 {[%clk 01:27:10]} {[%emt 00:00:08]}
14. Rd1 {[%clk 01:19:47]} {[%emt 00:09:01]} Qe7 {[%clk 01:26:48]} {[%emt
00:00:53]} 15. Nf1 {[%clk 01:12:40]} {[%emt 00:07:37]} d5 {[%clk 01:14:50]}
{[%emt 00:12:27]} 16. Ng3 {[%clk 01:11:25]} {[%emt 00:01:46]} Ne4 {[%clk
00:40:44]} {[%emt 00:34:36]} 17. Nh5 {[%clk 01:05:23]} {[%emt 00:06:31]} Bh8
{[%clk 00:40:50]} {[%emt 00:00:24]} 18. Bh6 {[%clk 01:02:22]} {[%emt 00:03:31]}
Rd8 {[%clk 00:38:10]} {[%emt 00:03:10]} 19. Bb5 {[%clk 00:31:15]} {[%emt
00:31:39]} e5 {[%clk 00:29:34]} {[%emt 00:09:05]} 20. Ba4 {[%clk 00:27:13]}
{[%emt 00:04:31]} Be6 {[%clk 00:28:56]} {[%emt 00:01:07]} 21. Bb3 {[%clk
00:26:30]} {[%emt 00:01:14]} Rac8 {[%clk 00:23:45]} {[%emt 00:05:42]} 22. Ng3
{[%clk 00:24:46]} {[%emt 00:02:14]} Nxg3 {[%clk 00:20:58]} {[%emt 00:03:16]}
23. Bg5 {[%clk 00:22:07]} {[%emt 00:03:08]} Bf6 {[%clk 00:20:14]} {[%emt
00:01:15]} 24. Bxf6 {[%clk 00:22:16]} {[%emt 00:00:21]} Qxf6 {[%clk 00:20:42]}
{[%emt 00:00:03]} 25. hxg3 {[%clk 00:22:37]} {[%emt 00:00:08]} a6 {[%clk
00:10:30]} {[%emt 00:10:43]} 26. Qd2 {[%clk 00:16:52]} {[%emt 00:06:14]} h6
{[%clk 00:09:11]} {[%emt 00:01:49]} 27. Qe3 {[%clk 00:14:29]} {[%emt 00:02:53]}
Bf7 {[%clk 00:08:22]} {[%emt 00:01:19]} 28. Rd2 {[%clk 00:10:44]} {[%emt
00:04:15]} Rd7 {[%clk 00:05:30]} {[%emt 00:03:23]} 29. Re1 {[%clk 00:10:48]}
{[%emt 00:00:26]} Re8 {[%clk 00:05:07]} {[%emt 00:00:53]} 30. Qc5 {[%clk
00:09:40]} {[%emt 00:01:38]} Qd6 {[%clk 00:04:59]} {[%emt 00:00:38]} 31. Qxd6
Rxd6 {[%clk 00:05:28]} 32. Nh4 {[%clk 00:06:19]} {[%emt 00:01:13]} Be6 {[%clk
00:04:54]} {[%emt 00:01:04]} 33. Ng6 {[%clk 00:05:09]} {[%emt 00:01:41]} Bf7
{[%clk 00:05:16]} {[%emt 00:00:07]} 34. Nh4 {[%clk 00:04:48]} {[%emt 00:00:51]}
Be6 {[%clk 00:05:45]} {[%emt 00:00:02]} 35. Red1 {[%clk 00:04:20]} {[%emt
00:00:58]} Red8 {[%clk 00:05:42]} {[%emt 00:00:32]} 36. Bc2 {[%clk 00:02:02]}
{[%emt 00:02:49]} e4 {[%clk 00:03:24]} {[%emt 00:02:47]} 37. Ng6 {[%clk
00:00:53]} {[%emt 00:01:39]} d4 {[%clk 00:03:41]} {[%emt 00:00:13]} 38. cxd4
{[%clk 00:00:33]} {[%emt 00:00:50]} Nxd4 {[%clk 00:03:43]} {[%emt 00:00:28]}
39. Kh2 {[%clk 00:00:36]} {[%emt 00:00:27]} Nf3+ {[%clk 00:03:47]} {[%emt
00:00:26]} 40. gxf3 {[%clk 00:00:53]} {[%emt 00:00:13]} Rxd2 {[%clk 00:04:11]}
{[%emt 00:00:07]} 41. Rxd2 {[%clk 00:29:43]} {[%emt 00:01:39]} Rxd2 {[%clk
00:34:32]} {[%emt 00:00:09]} 0-1

[Event "ODJM A 2025"]
[Site "Willingen GER"]
[Date "2025.06.09"]
[Round "3"]
[White "Hoffmann, Kay"]
[Black "Apel, Linus"]
[Result "0-1"]
[Termination "normal"]
[Board "9"]
[WhiteElo "2123"]
[BlackElo "1783"]
[WhiteClock "00:18:49"]
[BlackClock "00:43:06"]
[PlyCount "44"]
[WhiteFideId "16227000"]
[BlackFideId "16265785"]
[EventCountry "GER"]
[EventRounds "9"]
[EventType "swiss"]
[EventDate "2025.06.07"]

1. d4 {[%clk 01:30:58]} Nf6 {[%clk 01:30:53]} {[%emt 00:00:11]} 2. c4 {[%clk
01:31:23]} {[%emt 00:00:02]} c5 {[%clk 01:31:13]} {[%emt 00:00:09]} 3. d5
{[%clk 01:31:47]} {[%emt 00:00:06]} b5 {[%clk 01:31:36]} {[%emt 00:00:07]} 4.
cxb5 {[%clk 01:32:11]} {[%emt 00:00:09]} a6 {[%clk 01:32:01]} {[%emt 00:00:01]}
5. e3 {[%clk 01:32:19]} {[%emt 00:00:22]} axb5 {[%clk 01:32:24]} {[%emt
00:00:08]} 6. Bxb5 {[%clk 01:32:16]} {[%emt 00:00:33]} Qa5+ {[%clk 01:32:38]}
{[%emt 00:00:16]} 7. Nc3 {[%clk 01:32:40]} {[%emt 00:00:05]} Bb7 {[%clk
01:33:02]} {[%emt 00:00:07]} 8. Bd2 {[%clk 01:26:51]} {[%emt 00:06:18]} Qb6
{[%clk 01:33:30]} {[%emt 00:00:02]} 9. Qb3 {[%clk 01:17:20]} {[%emt 00:10:01]}
e6 {[%clk 01:33:48]} {[%emt 00:00:12]} 10. Bc4 {[%clk 00:49:10]} {[%emt
00:28:41]} Qxb3 {[%clk 01:22:25]} {[%emt 00:11:52]} 11. Bxb3 {[%clk 00:49:05]}
{[%emt 00:00:36]} exd5 {[%clk 01:22:44]} {[%emt 00:00:09]} 12. Nge2 {[%clk
00:46:17]} {[%emt 00:03:18]} Na6 {[%clk 01:16:58]} {[%emt 00:06:17]} 13. O-O
{[%clk 00:44:45]} {[%emt 00:02:02]} Bd6 {[%clk 01:11:36]} {[%emt 00:05:52]} 14.
Rfd1 {[%clk 00:39:19]} {[%emt 00:05:56]} Ke7 {[%clk 01:05:50]} {[%emt
00:06:16]} 15. Nb5 {[%clk 00:34:03]} {[%emt 00:05:46]} Be5 {[%clk 01:02:21]}
{[%emt 00:03:59]} 16. Bc3 {[%clk 00:33:24]} {[%emt 00:01:09]} d6 {[%clk
01:00:32]} {[%emt 00:02:20]} 17. f4 {[%clk 00:28:26]} {[%emt 00:05:29]} Bxc3
{[%clk 01:00:54]} {[%emt 00:00:07]} 18. Nbxc3 {[%clk 00:28:52]} {[%emt
00:00:03]} Nc7 {[%clk 01:00:19]} {[%emt 00:01:05]} 19. h3 {[%clk 00:26:43]}
{[%emt 00:02:40]} h5 {[%clk 00:54:14]} {[%emt 00:06:35]} 20. f5 {[%clk
00:24:36]} {[%emt 00:02:39]} Rhb8 {[%clk 00:46:59]} {[%emt 00:07:43]} 21. Nf4
{[%clk 00:20:20]} {[%emt 00:04:47]} Bc6 {[%clk 00:45:21]} {[%emt 00:02:07]} 22.
Rd2 {[%clk 00:18:49]} {[%emt 00:02:01]} Rxb3 {[%clk 00:43:06]} {[%emt
00:02:46]} 0-1

[Event "ODJM A 2025"]
[Site "Willingen GER"]
[Date "2025.06.09"]
[Round "3"]
[White "Heimann, Alexander"]
[Black "Ronsin, Corentin"]
[Result "1/2-1/2"]
[Termination "normal"]
[Board "10"]
[WhiteElo "1930"]
[BlackElo "2064"]
[WhiteClock "00:23:49"]
[BlackClock "00:28:30"]
[PlyCount "85"]
[WhiteFideId "16215346"]
[BlackFideId "34641742"]
[EventCountry "GER"]
[EventRounds "9"]
[EventType "swiss"]
[EventDate "2025.06.07"]

1. d4 {[%clk 01:30:49]} {[%emt 00:00:12]} Nf6 {[%clk 01:30:52]} {[%emt
00:00:03]} 2. Nf3 {[%clk 01:30:41]} {[%emt 00:00:39]} e6 {[%clk 01:31:01]}
{[%emt 00:00:21]} 3. g3 {[%clk 01:28:43]} {[%emt 00:02:28]} d5 {[%clk
01:31:20]} {[%emt 00:00:11]} 4. Bg2 {[%clk 01:29:05]} {[%emt 00:00:08]} Be7
{[%clk 01:31:44]} {[%emt 00:00:06]} 5. c4 {[%clk 01:27:33]} {[%emt 00:02:01]}
O-O {[%clk 01:31:21]} {[%emt 00:00:55]} 6. O-O {[%clk 01:27:32]} {[%emt
00:00:31]} Nbd7 {[%clk 01:31:43]} {[%emt 00:00:08]} 7. Nbd2 {[%clk 01:27:21]}
{[%emt 00:00:40]} c6 {[%clk 01:31:33]} {[%emt 00:00:40]} 8. Qc2 {[%clk
01:27:15]} {[%emt 00:00:35]} b6 {[%clk 01:31:51]} {[%emt 00:00:13]} 9. b3
{[%clk 01:23:14]} {[%emt 00:04:31]} Bb7 {[%clk 01:31:23]} {[%emt 00:00:59]} 10.
Bb2 {[%clk 01:23:14]} {[%emt 00:00:29]} Rc8 {[%clk 01:31:27]} {[%emt 00:00:26]}
11. Rac1 {[%clk 01:23:20]} {[%emt 00:00:24]} c5 {[%clk 01:29:40]} {[%emt
00:02:17]} 12. Qb1 {[%clk 01:19:32]} {[%emt 00:04:18]} Bd6 {[%clk 01:16:44]}
{[%emt 00:13:26]} 13. h3 {[%clk 01:08:46]} {[%emt 00:11:16]} Qe7 {[%clk
01:11:43]} {[%emt 00:05:32]} 14. Qa1 {[%clk 01:00:58]} {[%emt 00:08:17]} Rfd8
{[%clk 01:02:20]} {[%emt 00:09:54]} 15. Rfd1 {[%clk 00:55:52]} {[%emt
00:05:34]} h6 {[%clk 00:57:50]} {[%emt 00:05:01]} 16. e3 {[%clk 00:49:14]}
{[%emt 00:07:08]} Bb8 {[%clk 00:49:28]} {[%emt 00:08:53]} 17. Ne5 {[%clk
00:36:16]} {[%emt 00:13:27]} Nxe5 {[%clk 00:42:38]} {[%emt 00:07:20]} 18. dxe5
{[%clk 00:36:30]} {[%emt 00:00:15]} Nd7 {[%clk 00:42:47]} {[%emt 00:00:22]} 19.
f4 {[%clk 00:26:09]} {[%emt 00:10:51]} Nf8 {[%clk 00:41:16]} {[%emt 00:02:00]}
20. Kh2 {[%clk 00:19:16]} {[%emt 00:07:24]} Ng6 {[%clk 00:37:41]} {[%emt
00:04:04]} 21. Qb1 {[%clk 00:18:57]} {[%emt 00:00:49]} a6 {[%clk 00:29:33]}
{[%emt 00:08:39]} 22. a4 {[%clk 00:17:48]} {[%emt 00:01:38]} Rd7 {[%clk
00:23:10]} {[%emt 00:06:55]} 23. h4 {[%clk 00:12:09]} {[%emt 00:06:08]} Rcd8
{[%clk 00:19:05]} {[%emt 00:04:35]} 24. cxd5 {[%clk 00:11:31]} {[%emt
00:01:08]} exd5 {[%clk 00:19:16]} {[%emt 00:00:19]} 25. Bh3 {[%clk 00:11:29]}
{[%emt 00:00:32]} Rc7 {[%clk 00:13:21]} {[%emt 00:06:25]} 26. e6 {[%clk
00:10:17]} {[%emt 00:01:41]} Nf8 {[%clk 00:12:45]} {[%emt 00:01:07]} 27. Be5
{[%clk 00:09:19]} {[%emt 00:01:28]} Nxe6 {[%clk 00:10:42]} {[%emt 00:02:34]}
28. Bxc7 {[%clk 00:09:07]} {[%emt 00:00:42]} Nxc7 {[%clk 00:11:06]} {[%emt
00:00:06]} 29. Re1 {[%clk 00:08:27]} {[%emt 00:01:10]} Ne8 {[%clk 00:10:19]}
{[%emt 00:01:19]} 30. Qc2 {[%clk 00:07:02]} {[%emt 00:01:54]} Nf6 {[%clk
00:10:34]} {[%emt 00:00:14]} 31. a5 {[%clk 00:06:52]} {[%emt 00:00:41]} Ba7
{[%clk 00:08:05]} {[%emt 00:02:59]} 32. axb6 {[%clk 00:06:10]} {[%emt
00:01:12]} Bxb6 {[%clk 00:08:32]} {[%emt 00:00:05]} 33. Qc3 {[%clk 00:02:46]}
{[%emt 00:03:52]} Bc8 {[%clk 00:05:08]} {[%emt 00:03:53]} 34. Ra1 {[%clk
00:01:34]} {[%emt 00:01:43]} a5 {[%clk 00:04:35]} {[%emt 00:01:04]} 35. Bxc8
{[%clk 00:01:11]} {[%emt 00:00:53]} Rxc8 {[%clk 00:04:58]} {[%emt 00:00:06]}
36. Qd3 {[%clk 00:00:48]} {[%emt 00:00:52]} Ng4+ {[%clk 00:04:35]} {[%emt
00:00:55]} 37. Kg2 {[%clk 00:00:54]} {[%emt 00:00:23]} Re8 {[%clk 00:01:52]}
{[%emt 00:03:13]} 38. Nf1 {[%clk 00:00:43]} {[%emt 00:00:41]} Qd7 {[%clk
00:01:49]} {[%emt 00:00:34]} 39. Rad1 {[%clk 00:00:40]} {[%emt 00:00:32]} Nf6
{[%clk 00:01:22]} {[%emt 00:00:57]} 40. Nd2 {[%clk 00:00:43]} {[%emt 00:00:27]}
Rd8 {[%clk 00:01:15]} {[%emt 00:00:37]} 41. Nf3 {[%clk 00:24:47]} {[%emt
00:06:25]} Ne4 {[%clk 00:29:53]} {[%emt 00:01:52]} 42. Nd2 {[%clk 00:23:49]}
{[%emt 00:01:28]} Nf6 {[%clk 00:28:30]} {[%emt 00:01:54]} 43. e4 {[%emt
00:08:47]} 1/2-1/2

[Event "ODJM A 2025"]
[Site "Willingen GER"]
[Date "2025.06.09"]
[Round "3"]
[White "Zhang, Onno"]
[Black "Martin Fernandez, Rafael"]
[Result "0-1"]
[Termination "normal"]
[Board "11"]
[WhiteElo "1859"]
[BlackElo "1965"]
[WhiteClock "00:29:08"]
[BlackClock "01:01:06"]
[PlyCount "52"]
[WhiteFideId "34643397"]
[BlackFideId "34605550"]
[EventCountry "GER"]
[EventRounds "9"]
[EventType "swiss"]
[EventDate "2025.06.07"]

1. e4 {[%clk 01:14:35]} {[%emt 00:00:02]} c5 {[%clk 01:30:52]} {[%emt
00:00:08]} 2. Nf3 {[%clk 01:14:42]} {[%emt 00:00:24]} d6 {[%clk 01:31:19]}
{[%emt 00:00:04]} 3. d4 {[%clk 01:14:50]} {[%emt 00:00:20]} cxd4 {[%clk
01:31:46]} {[%emt 00:00:04]} 4. Nxd4 {[%clk 01:15:09]} {[%emt 00:00:11]} Nf6
{[%clk 01:32:14]} {[%emt 00:00:02]} 5. Nc3 {[%clk 01:15:18]} {[%emt 00:00:20]}
Nc6 {[%clk 01:32:41]} {[%emt 00:00:04]} 6. Be2 {[%clk 01:13:19]} {[%emt
00:02:28]} e5 {[%clk 01:32:58]} {[%emt 00:00:13]} 7. Nb3 {[%clk 01:11:05]}
{[%emt 00:02:43]} Be7 {[%clk 01:33:08]} {[%emt 00:00:22]} 8. Be3 {[%clk
01:11:07]} {[%emt 00:00:27]} Be6 {[%clk 01:32:44]} {[%emt 00:00:55]} 9. O-O
{[%clk 01:11:06]} {[%emt 00:00:31]} O-O {[%clk 01:33:01]} {[%emt 00:00:13]} 10.
Qd2 {[%clk 01:09:41]} {[%emt 00:01:55]} a5 {[%clk 01:33:19]} {[%emt 00:00:13]}
11. a4 {[%clk 01:08:20]} {[%emt 00:01:49]} Nb4 {[%clk 01:31:30]} {[%emt
00:02:20]} 12. Rad1 {[%clk 01:07:25]} {[%emt 00:01:23]} Rc8 {[%clk 01:30:44]}
{[%emt 00:01:17]} 13. f3 {[%clk 01:06:03]} {[%emt 00:01:53]} d5 {[%clk
01:27:02]} {[%emt 00:04:11]} 14. exd5 {[%clk 01:04:24]} {[%emt 00:02:09]} Nfxd5
{[%clk 01:25:43]} {[%emt 00:01:51]} 15. Nxd5 {[%clk 01:03:41]} {[%emt
00:01:12]} Nxd5 {[%clk 01:19:33]} {[%emt 00:06:40]} 16. c4 {[%clk 00:54:11]}
{[%emt 00:10:00]} Nxe3 {[%clk 01:14:48]} {[%emt 00:05:15]} 17. Qxe3 {[%clk
00:54:16]} {[%emt 00:00:24]} Qc7 {[%clk 01:14:35]} {[%emt 00:00:43]} 18. Kh1
{[%clk 00:53:50]} {[%emt 00:00:57]} h6 {[%clk 01:11:25]} {[%emt 00:03:40]} 19.
f4 {[%clk 00:49:47]} {[%emt 00:04:32]} exf4 {[%clk 01:08:24]} {[%emt 00:03:31]}
20. Qxf4 {[%clk 00:49:47]} {[%emt 00:00:29]} Qb6 {[%clk 01:08:07]} {[%emt
00:00:47]} 21. Rf3 {[%clk 00:47:03]} {[%emt 00:03:15]} Bg5 {[%clk 01:06:05]}
{[%emt 00:02:32]} 22. Qe4 {[%clk 00:41:32]} {[%emt 00:06:00]} Rfe8 {[%clk
01:05:32]} {[%emt 00:01:04]} 23. c5 {[%clk 00:36:14]} {[%emt 00:05:49]} Bxb3
{[%clk 00:59:51]} {[%emt 00:06:11]} 24. Qxe8+ {[%clk 00:28:22]} {[%emt
00:08:20]} Rxe8 {[%clk 01:00:19]} {[%emt 00:00:02]} 25. cxb6 {[%clk 00:28:43]}
{[%emt 00:00:09]} Bxd1 {[%clk 01:00:40]} {[%emt 00:00:09]} 26. Bxd1 {[%clk
00:29:08]} {[%emt 00:00:06]} Re1+ {[%clk 01:01:06]} {[%emt 00:00:04]} 0-1

[Event "ODJM A 2025"]
[Site "Willingen GER"]
[Date "2025.06.09"]
[Round "3"]
[White "Ruddat, Jarne"]
[Black "Fellberg, Justus"]
[Result "1/2-1/2"]
[Termination "normal"]
[Board "12"]
[WhiteElo "1925"]
[BlackElo "1812"]
[WhiteClock "00:13:38"]
[BlackClock "00:17:11"]
[PlyCount "87"]
[WhiteFideId "16254236"]
[BlackFideId "34608990"]
[EventCountry "GER"]
[EventRounds "9"]
[EventType "swiss"]
[EventDate "2025.06.07"]

1. e4 {[%clk 01:30:54]} {[%emt 00:00:06]} d5 {[%clk 01:30:47]} {[%emt
00:00:12]} 2. exd5 {[%clk 01:31:11]} {[%emt 00:00:12]} Nf6 {[%clk 01:31:14]}
{[%emt 00:00:04]} 3. d4 {[%clk 01:31:17]} {[%emt 00:00:23]} Nxd5 {[%clk
01:31:35]} {[%emt 00:00:09]} 4. c4 {[%clk 01:31:14]} {[%emt 00:00:33]} Nb6
{[%clk 01:31:47]} {[%emt 00:00:19]} 5. Nf3 {[%clk 01:31:27]} {[%emt 00:00:16]}
g6 {[%clk 01:31:30]} {[%emt 00:00:48]} 6. c5 {[%clk 01:29:17]} {[%emt
00:02:40]} Nd5 {[%clk 01:30:27]} {[%emt 00:01:33]} 7. Qb3 {[%clk 01:19:24]}
{[%emt 00:10:23]} Bg7 {[%clk 01:27:49]} {[%emt 00:03:07]} 8. Bc4 {[%clk
01:16:37]} {[%emt 00:03:18]} c6 {[%clk 01:24:19]} {[%emt 00:04:00]} 9. Nc3
{[%clk 01:13:41]} {[%emt 00:03:26]} e6 {[%clk 01:16:38]} {[%emt 00:08:11]} 10.
Ne4 {[%clk 01:08:57]} {[%emt 00:05:14]} O-O {[%clk 01:13:33]} {[%emt 00:03:35]}
11. Nd6 {[%clk 01:03:31]} {[%emt 00:05:56]} b6 {[%clk 01:12:39]} {[%emt
00:01:25]} 12. Nxc8 {[%clk 00:55:42]} {[%emt 00:08:19]} Qxc8 {[%clk 01:12:57]}
{[%emt 00:00:11]} 13. Bxd5 {[%clk 00:55:46]} {[%emt 00:00:26]} exd5 {[%clk
01:11:04]} {[%emt 00:02:24]} 14. cxb6 {[%clk 00:55:40]} {[%emt 00:00:35]} axb6
{[%clk 01:11:02]} {[%emt 00:00:32]} 15. Qxb6 {[%clk 00:54:36]} {[%emt
00:01:34]} Qe6+ {[%clk 01:11:05]} {[%emt 00:00:27]} 16. Be3 {[%clk 00:54:11]}
{[%emt 00:00:55]} Nd7 {[%clk 01:11:08]} {[%emt 00:00:27]} 17. Qb3 {[%clk
00:53:32]} {[%emt 00:01:08]} Rfb8 {[%clk 01:07:43]} {[%emt 00:03:56]} 18. Qc3
{[%clk 00:49:57]} {[%emt 00:04:05]} Rc8 {[%clk 00:57:26]} {[%emt 00:10:48]} 19.
O-O {[%clk 00:47:45]} {[%emt 00:02:41]} c5 {[%clk 00:55:05]} {[%emt 00:02:51]}
20. Qd2 {[%clk 00:46:03]} {[%emt 00:02:11]} c4 {[%clk 00:54:06]} {[%emt
00:01:30]} 21. Rfc1 {[%clk 00:41:16]} {[%emt 00:05:17]} Qb6 {[%clk 00:48:34]}
{[%emt 00:06:01]} 22. Bf4 {[%clk 00:34:12]} {[%emt 00:07:34]} Nf8 {[%clk
00:47:48]} {[%emt 00:01:17]} 23. Be5 {[%clk 00:31:39]} {[%emt 00:03:03]} Ne6
{[%clk 00:46:36]} {[%emt 00:01:42]} 24. Bxg7 {[%clk 00:31:58]} {[%emt
00:00:11]} Kxg7 {[%clk 00:47:01]} {[%emt 00:00:05]} 25. h3 {[%clk 00:32:08]}
{[%emt 00:00:19]} Rcb8 {[%clk 00:45:05]} {[%emt 00:02:27]} 26. Rcb1 {[%clk
00:31:55]} {[%emt 00:00:43]} Qd6 {[%clk 00:41:19]} {[%emt 00:04:15]} 27. g3
{[%clk 00:30:05]} {[%emt 00:02:20]} h6 {[%clk 00:40:10]} {[%emt 00:01:39]} 28.
Qc3 {[%clk 00:28:40]} {[%emt 00:01:55]} Qb4 {[%clk 00:35:13]} {[%emt 00:05:28]}
29. Qe3 {[%clk 00:28:14]} {[%emt 00:00:55]} Qd6 {[%clk 00:34:07]} {[%emt
00:01:36]} 30. h4 {[%clk 00:28:08]} {[%emt 00:00:38]} h5 {[%clk 00:29:34]}
{[%emt 00:05:03]} 31. Kg2 {[%clk 00:25:09]} {[%emt 00:03:28]} Rb7 {[%clk
00:29:24]} {[%emt 00:00:41]} 32. b3 {[%clk 00:21:00]} {[%emt 00:04:39]} Ra3
{[%clk 00:27:34]} {[%emt 00:02:18]} 33. Nd2 {[%clk 00:18:26]} {[%emt 00:03:04]}
Rba7 {[%clk 00:22:35]} {[%emt 00:05:29]} 34. Qc3 {[%clk 00:17:03]} {[%emt
00:01:53]} cxb3 {[%clk 00:18:55]} {[%emt 00:04:10]} 35. axb3 {[%clk 00:16:57]}
{[%emt 00:00:36]} Rxa1 {[%clk 00:19:19]} {[%emt 00:00:07]} 36. Rxa1 {[%clk
00:17:26]} {[%emt 00:00:01]} Rxa1 37. Qxa1 {[%clk 00:17:54]} Qb4 {[%clk
00:19:57]} {[%emt 00:00:12]} 38. Nf3 {[%clk 00:17:01]} {[%emt 00:01:23]} Qxb3
{[%clk 00:17:47]} {[%emt 00:02:40]} 39. Qa7 {[%clk 00:17:06]} {[%emt 00:00:25]}
Qc2 {[%clk 00:17:43]} {[%emt 00:00:32]} 40. Ne5 {[%clk 00:14:50]} {[%emt
00:02:47]} Qe4+ {[%clk 00:18:02]} {[%emt 00:00:11]} 41. Kh2 {[%clk 00:14:52]}
{[%emt 00:00:29]} Qf5 {[%clk 00:18:20]} {[%emt 00:00:11]} 42. Kg2 {[%clk
00:13:04]} {[%emt 00:02:18]} Qe4+ {[%clk 00:16:50]} {[%emt 00:02:00]} 43. Kh2
{[%clk 00:13:12]} {[%emt 00:00:21]} Qf5 {[%clk 00:17:11]} {[%emt 00:00:10]} 44.
Kg2 {[%clk 00:13:38]} {[%emt 00:00:04]} 1/2-1/2

[Event "ODJM A 2025"]
[Site "Willingen GER"]
[Date "2025.06.09"]
[Round "3"]
[White "Menzel, Maximilian"]
[Black "Tiedemann, Fin Niklas"]
[Result "1-0"]
[Termination "normal"]
[Board "13"]
[WhiteElo "2199"]
[BlackElo "1938"]
[WhiteClock "00:37:00"]
[BlackClock "00:13:29"]
[PlyCount "61"]
[WhiteFideId "34617280"]
[BlackFideId "12936936"]
[EventCountry "GER"]
[EventRounds "9"]
[EventType "swiss"]
[EventDate "2025.06.07"]

1. d4 {[%clk 01:30:57]} {[%emt 00:00:04]} Nf6 {[%clk 01:30:52]} {[%emt
00:00:10]} 2. c4 {[%clk 01:31:23]} {[%emt 00:00:02]} g6 {[%clk 01:31:14]}
{[%emt 00:00:06]} 3. Nc3 {[%clk 01:31:49]} {[%emt 00:00:04]} Bg7 {[%clk
01:31:11]} {[%emt 00:00:32]} 4. e4 {[%clk 01:32:12]} {[%emt 00:00:07]} d6
{[%clk 01:31:29]} {[%emt 00:00:14]} 5. Be2 {[%clk 01:32:26]} {[%emt 00:00:16]}
O-O {[%clk 01:31:32]} {[%emt 00:00:26]} 6. Nf3 {[%clk 01:32:29]} {[%emt
00:00:28]} e5 {[%clk 01:31:40]} {[%emt 00:00:23]} 7. Be3 {[%clk 01:32:53]}
{[%emt 00:00:05]} Nc6 {[%clk 01:31:30]} {[%emt 00:00:41]} 8. d5 {[%clk
01:32:16]} {[%emt 00:01:07]} Ne7 {[%clk 01:31:48]} {[%emt 00:00:12]} 9. Nd2
{[%clk 01:32:29]} {[%emt 00:00:16]} Ne8 {[%clk 01:25:12]} {[%emt 00:07:06]} 10.
c5 {[%clk 01:29:19]} {[%emt 00:03:39]} f5 {[%clk 01:25:24]} {[%emt 00:00:19]}
11. f3 {[%clk 01:29:27]} {[%emt 00:00:22]} Bf6 {[%clk 01:03:12]} {[%emt
00:22:42]} 12. Qb3 {[%clk 01:22:14]} {[%emt 00:07:42]} Kh8 {[%clk 00:59:17]}
{[%emt 00:04:26]} 13. Nc4 {[%clk 01:20:57]} {[%emt 00:01:46]} f4 {[%clk
00:47:35]} {[%emt 00:12:13]} 14. Bf2 {[%clk 01:21:07]} {[%emt 00:00:19]} g5
{[%clk 00:36:35]} {[%emt 00:11:30]} 15. cxd6 {[%clk 01:08:07]} {[%emt
00:13:31]} cxd6 {[%clk 00:31:04]} {[%emt 00:06:01]} 16. Qa3 {[%clk 01:00:04]}
{[%emt 00:08:32]} a6 {[%clk 00:31:10]} {[%emt 00:00:25]} 17. Bb6 {[%clk
00:51:42]} {[%emt 00:08:52]} Qd7 {[%clk 00:31:29]} {[%emt 00:00:11]} 18. Bd1
{[%clk 00:48:06]} {[%emt 00:04:06]} Ng6 {[%clk 00:27:59]} {[%emt 00:04:00]} 19.
Ba4 {[%clk 00:48:03]} {[%emt 00:00:33]} Qe7 {[%clk 00:27:19]} {[%emt 00:01:10]}
20. Bxe8 {[%clk 00:46:42]} {[%emt 00:01:50]} Qxe8 {[%clk 00:25:10]} {[%emt
00:02:40]} 21. Nxd6 {[%clk 00:46:17]} {[%emt 00:00:55]} Qd7 {[%clk 00:25:32]}
{[%emt 00:00:08]} 22. Nc4 {[%clk 00:43:47]} {[%emt 00:03:00]} Rg8 {[%clk
00:24:09]} {[%emt 00:01:53]} 23. O-O-O {[%clk 00:42:00]} {[%emt 00:02:17]} Nh4
{[%clk 00:22:37]} {[%emt 00:02:02]} 24. Bf2 {[%clk 00:38:29]} {[%emt 00:04:02]}
Qc7 {[%clk 00:21:25]} {[%emt 00:01:41]} 25. Nb6 {[%clk 00:38:09]} {[%emt
00:00:49]} Rb8 {[%clk 00:21:49]} {[%emt 00:00:06]} 26. d6 {[%clk 00:38:22]}
{[%emt 00:00:18]} Qf7 {[%clk 00:17:31]} {[%emt 00:04:48]} 27. d7 {[%clk
00:38:10]} {[%emt 00:00:43]} Bxd7 {[%clk 00:16:28]} {[%emt 00:01:33]} 28. Nxd7
{[%clk 00:37:30]} {[%emt 00:01:09]} Be7 {[%clk 00:15:18]} {[%emt 00:01:40]} 29.
Qa5 {[%clk 00:37:10]} {[%emt 00:00:50]} Rbc8 {[%clk 00:13:24]} {[%emt
00:02:24]} 30. Qxe5+ {[%clk 00:37:13]} {[%emt 00:00:27]} Rg7 {[%clk 00:13:29]}
{[%emt 00:00:25]} 31. Bd4 {[%clk 00:37:00]} {[%emt 00:00:42]} 1-0